000 01827nam a2200349 4500
001 172
003 OSt
005 20250528074013.0
008 250130b |||||||g |||| 00| 1 eng d
020 _a9788501061188
040 _bpor
041 _heng
_apor
082 _a823
_bC821i
100 1 _aCornwell, Bernard,
_d1944-
_9324
240 _aThe enemy of God
245 _aO inimigo de Deus /
_cCornwell, Bernard ; Tradução de Alves Calado
250 _a20° edição
260 _aRio de Janeiro
_bRecord
_c2014
300 _a548 p.
490 1 _aAs crônicas de Artur
_vvol. 02
520 _a"O Inimigo de Deus" é o segundo volume da mais fiel história de Artur narrada até hoje. Com base em fatos novos e descobertas arqueológicas, Bernard Cornwell retrata o maior de todos os heróis como um guerreiro poderoso que luta contra os saxões para manter unida a Britânia, no século V, após a saída dos romanos. Em "O Inimigo de Deus", o país está unido e pronto para expulsar de uma vez os invasores saxões. Mas se por um lado está unificado politicamente, por outro a luta entre as religiões ancestrais e o cristianismo divide o povo. Diante da propagação da nova fé, Merlin empreende uma busca pelo caldeirão sagrado — objeto mágico poderoso, capaz de trazer de volta os antigos deuses e aniquilar os saxões e os cristãos. Ao longo desta jornada, ele é acompanhado pelo guerreiro Derfel por lugares distantes e perigosos, onde acontecem aventuras inesquecíveis.
650 0 _aLiteratura Inglesa
_989
650 0 _aMitologia
_9128
650 0 _aFantasia
_945
650 0 _aAventura
_947
650 0 _aHistória
_9116
655 0 _aRomance
_923
655 0 _aFicção
_922
700 _aAlves Calado
_eTradutor
_9325
830 _aAs crônicas de Artur
_vvol. 02
_9326
942 _2ddc
_n0
_cBK
999 _c172
_d172